Применение метода граничных элементов для решения неупругих задач: пер. с англ.

Bibliographic Details
Main Author: Теллес Д. К. Ф.
Language:Russian
Published: Москва, Стройиздат, 1987
Subjects:
Format: MixedMaterials Book
KOHA link:https://koha.lib.tpu.ru/cgi-bin/koha/opac-detail.pl?biblionumber=121453

MARC

LEADER 00000nam0a2200000 4500
001 121453
005 20231031125410.0
020 |a RU  |b 87-47216 
035 |a (RuTPU)RU\TPU\book\131531 
090 |a 121453 
100 |a 20070914d1987 k a0rusy5003 ca 
101 1 |a rus  |c eng 
102 |a RU 
105 |a a z 001zy 
200 1 |a Применение метода граничных элементов для решения неупругих задач  |e пер. с англ.  |f Д. К. Ф. Теллес 
210 |a Москва  |c Стройиздат  |d 1987 
215 |a 159,[3] с.  |c ил.  |d 22 см 
320 |a Библиогр.: с. 151-156 (123 назв.) 
610 1 |a деформируемые тела 
610 1 |a интегральные уравнения 
610 1 |a механика 
610 1 |a граничные задачи 
610 1 |a метод конечных элементов 
675 |a 539.3:51  |z rus 
700 1 |a Теллес  |b Д. К. Ф.  |4 070 
801 0 |a RU  |b RuMRKP  |c 19950417  |g psbo 
801 1 |a RU  |b 63413507  |c 20070914  |g PSBO 
801 2 |a RU  |b 63413507  |c 20080923  |g PSBO 
942 |c BK